Pokémon - Quiz général #10 - Statistiques

Statistiques générales
  • Ce quiz a été pris 64 fois
  • Le résultat moyen est 6 sur 10
Statistiques - réponses
Question Réponse % Correct
Lequel de ces Pokémon ne peut pas méga-évoluer ? Bouldeneu
89%
Laquelle de ces créatures est un Pokémon ?
84%
Quel Pokémon n'est pas de type Combat / Plante ? Bouldeneu
84%
Dans l'animé, qui n'est pas un compagnon de voyage régulier de Sacha dans la région de Kalos ? Iris
69%
Comment Tétarte évolue-t-il en Tarpaud ? par échange en tenant une Roche Royale
65%
Toutes les évolutions d'Évoli finissent par le son "-ali" Faux
64%
Laquelle de ces propositions est fausse concernant Roigada ? Sa pré-évolution est Flagadoss
60%
Quel Pokémon possède cette description : « Son corps est complètement creux. Quand il ouvre la bouche, il aspire tout ce qui passe près de lui, à la façon d'un trou noir. » ? Téraclope
38%
Dans combien de jeux différents (1 titre = 1 jeu) le Plateau Indigo abrite-t-il la ligue Pokémon ? {versions européennes uniquement} 12
25%
Quelle capacité n'a jamais été contenue dans la CS05 ? Éclate-Roc
20%
Aucun quiz correspondant
Distribution des résultats
% des personnes avec chaque résultat
Percentile par nombre de réponses
Votre historique - résultats
Vous n’avez pas pris ce quiz